000 00954nam a22003017a 4500
003 CHAP
005 20220329135235.0
008 971013s1904 r 00010 d
010 _a33128
011 _a34100
035 _a38216
040 _cCHAP
082 _a515
_bE5
100 0 0 _aElizalde, José Antonio.
_936308
245 _aCurso de geometría descrptiva; texto
260 _aSan Sebastián :
_bImprenta, Libreria ñy Encuadernación de F. Jornet,
_c1904
300 _a470 p.
_b: ilus.
590 _aBATCH-UPD
_b10
_c20130110
_lUCH01
_h0012
590 _aBATCH-UPD
_b10
_c20130110
_lUCH01
_h2141
590 _aBATCH-UPD
_b10
_c20130409
_lUCH01
_h1950
590 _aBATCH-UPD
_b10
_c20130410
_lUCH01
_h1449
590 _aBATCH-UPD
_b10
_c20130914
_lUCH01
_h1257
590 _aCONVERSION
_b10
_c20130109
_lUCH01
_h1319
650 1 4 _aGeometría descriptiva.
_947655
901 _aBK
942 _cLIBRO
949 _a515 E5
_bBC
_cBPP
_d-87342
_eBPP
_i38216
_si
999 _c33128
_d33128